| 000 | 00520nam a2200217Ia 4500 | ||
|---|---|---|---|
| 003 | 0100 | ||
| 008 | 130303s9999 xx 000 0 und d | ||
| 020 | _a0141024682 | ||
| 040 | _cARRUPELIB | ||
| 050 | _aHC800.C644 2005 | ||
| 100 | _aThe Commission for Africa | ||
| 245 | _aOur common interest | ||
| 245 | _ban argument | ||
| 260 | _aLondon | ||
| 260 | _bPenguin books | ||
| 260 | _C2005 | ||
| 300 | _a184p. | ||
| 300 | _b 18cm | ||
| 650 | _bNeurology--Anecdotes, facetiae, satire, etc | ||
| 942 |
_2lcc _01 |
||
| 999 |
_c59692 _d59692 |
||